000 01474nam a22003737a 4500
003 CHAP
005 20220329143338.0
008 081020s2008 mx r 00010 spa d
010 _a95266
011 _a96238
035 _a106885
040 _cCHAP
090 _aTesis
100 1 _aSolís Romero, Clara.
_9108464
245 1 0 _aCapacitación y acompañamiento técnico para la certificación orgánica a la unión de productores orgánicos el Pochote A.C.
_c/por Clara Solís Romero
260 _aChapingo, Méx. :
_bEl autor,
_c2008
300 _aiii, 104 h. :
_bcuadros
502 _aTesis (Ing. Agr. esp. en Zonas Tropicales) -- UACH. Dirección de Centros Regionales Univrsitarios
530 _aTambién disponible en línea
590 _aALEPH
_b10
_c20130110
_lUCH01
_h1525
590 _aBATCH-UPD
_b10
_c20130110
_lUCH01
_h0549
590 _aBATCH-UPD
_b10
_c20130410
_lUCH01
_h0231
590 _aBATCH-UPD
_b10
_c20130913
_lUCH01
_h2233
590 _aBATCH-UPD
_b10
_c20140324
_lUCH01
_h1508
590 _aBATCH-UPD
_b10
_c20141002
_lUCH01
_h0837
590 _aCONVERSION
_b10
_c20130109
_lUCH01
_h1353
650 0 4 _aAgricultura orgánica.
_92005
650 0 4 _aHorticultura orgánica.
_956384
856 _3Finding aid
_uhttp://10.13.5.2/tesis/106885.pdf
_zTeclea aqui
901 _aBK
942 _cFOLL
949 _aTesis
_bBC
_cTES
_d33724002091389
_eTS1
_gDonaciØn
_h48360
_i106885
_sb
949 _aTesis
_bBC
_cTES
_d33724002091397
_eTS2
_fc.2
_gDonaciØn
_h48361
_i106885
_si
999 _c95266
_d95266